000 00894nam a2200253 a 4500
001 50083
003 BD-RjUL
005 20211209075444.0
008 160823s1962 enk bl 001 0 eng
035 _a(BD-RjUL)50203
040 _aDLC
_cDGW-L
_dBD-RjUL
_beng
041 _aeng
082 _223
_a346.41064
_bKEM 1962
100 1 _aKeeton, George W.
_d1902-1989.
_9132044
245 1 4 _aThe modern law of charities /
_cGeorge W. Keeton.
260 _aLondon :
_bPitman,
_cc1962
300 _axxxv, 345 p. ;
_c23 cm.
504 _aIncludes bibliographical references and index.
650 0 _aCharity laws and legislation
_zGreat Britain.
_9150109
650 0 _aCharity laws and legislation
_zCommonwealth of Nations.
_9150110
710 1 2 _aGreat Britain.
_tCharities Act, 1960.
_f1962.
_9150111
710 1 2 _aNew Zealand.
_tNew Zealand Charitable Trusts Act, 1957.
_f1962
_9150112
942 _2ddc
_cBK
999 _c50083
_d50083